As tartarugas do Tasman e outras histórias (Record no. 44707)

MARC details
000 -Etiqueta do registo
Valores 00488cam a22001811 4500
100 ## - Dados gerais de processamento
Dados gerais 19951109d1970 a y0pory5003 ba
101 1# - Língua de publicação
Língua por
102 ## - País de publicação
País PT
200 1# - Titulo e menção de responsabilidade
Título próprio As tartarugas do Tasman e outras histórias
Primeira menção de responsabilidade Jack London
Outras menções de responsabilidade trad. Aureliano Sampaio
210 #9 - Publicação
Local de publicação Porto
Nome do editor Livraria Civilizacão,
Data de publicação 1970
215 ## - Descrição física 
Paginação / Volumes 214, [1] p.
Dimensões 19 cm
675 ## - CDU
Notação 82-93
700 #1 - Autor principal
Apelido London,
Nome Jack,
702 #1 - Autor secundário
Apelido Sampaio,
Nome Aureliano
Função 730
801 #0 - Fonte de origem
País PT
Agência BN
Regras de catalogação RPC
990 ## - Elementos KOHA
Tipo de documento Livro
Holdings
Aquisição Empréstimo Código de barras Cota Permissão de empréstimo Tipo de documento
Biblioteca Municipal de Redondo Biblioteca Municipal de Redondo 054587 82-93 LON   Livro

Powered by Koha